000 00664nam a2200277Ia 4500
005 20260324133510.0
008 008 260324s9999 xx 000 0 eng d
020 _a9780429349164
037 _aEBOOK
040 _aCRL
040 _beng
040 _cCRL
041 _2eng
041 _aeng
084 _qCRL
100 _aGrevel Lindop; Barry Symonds
_91193330
245 4 _aThe Works of Thomas De Quincey, Part III vol 20
260 _bTaylor and Francis
260 _c2003
365 _a
365 _b205
856 _uhttp://www.taylorfrancis.com/books/9780429349164
942 _cEBOOK
999 _c1792408
_d1792408